000 00271nam a2200121 i 4500
001 bg
245 0 _aPodręcznik sterylizacji radiacyjnej...
260 _aWarszawa,
_c1978.
040 _cBPK
041 _apol
942 _cKS
008 s pl f |000 0 pol
999 _c18365
_d18365
856 _uhttp://koha.tu.koszalin.pl/cgi-bin/koha/opac-detail.pl?biblionumber=18365
_yKatalog online BPK